عرض عادي عرض مارك
  • Leader, Zachary.

مدخل إسم شخص

عدد التسجيلات المستخدمة في: 2

001 - رقم الضبط

  • حقل الضبط: 6791

003 - معرف رقم الضبط

  • حقل الضبط: OSt

005 - تاريخ ووقت أخر عملية

  • حقل الضبط: 20111203112028.0

008 - عناصر بيانات ثابتة الطول

  • حقل تحكم ثابت الطول: 111203|||a|||||| | ||| d

040 ## - مصدر الفهرسة

  • هيئة الفهرسة الأصلية: OSt
  • وكالة الكتابة: OSt

100 ## - مدخل -- أسم شخص

  • إسم شخص: Leader, Zachary.

670 ## - بيانات المصدر موجوده

  • الاستشهاد بالمصدر: Work cat.: (OSt)20225: Shelley, Percy Bysshe, 1792-1822 6788, The major works /, 2003.